| 000 | 01310nam0a2200349 4500 | ||
|---|---|---|---|
| 001 | RU\NLR\bibl\1722146 | ||
| 005 | 20260405095118.0 | ||
| 010 | _a978-5-397-01618-6 | ||
| 021 |
_aRU _b2010-96557 _96513 |
||
| 035 | _a(nilc)RSL-KNO-004860208 | ||
| 035 | _a(NLR Aleph) 001713134 | ||
| 090 |
_a1292750 _c1292750 |
||
| 100 | _a20101206d2010 |||y0rusy50 ca | ||
| 101 | 0 | _arus | |
| 102 | _aRU | ||
| 105 | _aa ||||||||| | ||
| 200 | 1 |
_aДыхание - ключ к здоровью _eмифы и реальность _fИ. С. Бреслав, Л. А. Брянцева |
|
| 210 |
_aМосква _cURSS _cЛИБРОКОМ _d2010 (макет 2011) |
||
| 215 |
_a220 с. _cил. _d22 |
||
| 320 | _aБиблиогр. в конце кн. | ||
| 606 | 1 |
_aДыхательная гимнастика _xВлияние на организм _92184463 _3RU\NLR\auth\661313420 |
|
| 686 |
_aР354.111.2я9 _2rubbk |
||
| 686 | _aР354.111.2 | ||
| 700 | 1 |
_4070 _8rus _7ca _aБреслав _bИ. С. _gИсаак Соломонович _3RU\NLR\auth\7735634 _918631 |
|
| 701 | 1 |
_aБрянцева _bЛ. А. _gЛюдмила Алексеевна _4070 |
|
| 801 | 0 |
_aRU _bRuMoRKP _c20101206 _grcr |
|
| 801 | 1 |
_aRU _bRuMoRGB _c20101206 |
|
| 801 | 2 |
_aRU _bNLR _c20110113 _grcr |
|
| 830 | _aпо кн | ||
| 942 | _cBOOK | ||
| 980 | _aNB | ||